Nintendo - Trouvez ces Personnages aléatoires - Statistiques

Statistiques générales
  • Ce quiz a été pris 143 fois
    52 depuis la dernière actualisation
  • Le résultat moyen est 26 sur 50
Statistiques - réponses
Par images Réponse % Correct
5-Volt
100%
Amphinobi
100%
Antasma
100%
Axoloto
100%
Bandana Waddle Dee
100%
Bébé Daisy
100%
Bébé Luigi
100%
Bébé Mario
100%
Bébé Peach
100%
Bébé Wario
100%
Bill Dozer
100%
Boo
100%
Bowser Jr.
100%
Braségali
100%
Candy Kong
100%
Capitaine Toad
100%
Captain Falcon
100%
Carottin
100%
Catacouac
100%
Chain Chomp
100%
Charbitre
100%
Chevalier Noir
100%
Claude
100%
Cocotte
100%
Créa-Main
100%
Dimensio
100%
Effroi
100%
Épona
100%
Exagide
100%
Excitebike
100%
Fiora
100%
Funky Kong
100%
Ganon
100%
General Pepper
100%
Geno
100%
Ghirahim
100%
Gluigi
100%
Grande Fée
100%
Gyroïde
100%
Herbizarre
100%
Hériss
100%
Igor le Fossoyeur
100%
Jessie
100%
Kéké Laglisse
100%
Kilaire
100%
Koopa Troopa
100%
Kritter
100%
Latias & Latios
100%
Lemmy Koopa
100%
Les petits chanteurs
100%
Lézalfos
100%
Lilie
100%
Link
100%
Lucario
100%
Lucina
100%
Ludwig von Koopa
100%
Luigi
100%
Luma
100%
Lynel
100%
Magicarpe
100%
Marie
100%
Marth
100%
Massko
100%
Matt (Wii Sports)
100%
Max
100%
Médusa
100%
Meltan
100%
Méta Knight
100%
Méta Ridley
100%
Mineru
100%
Mipha
100%
Miraidon
100%
Mother Brain
100%
Mr.Sandman
100%
Natural Harmonia Gropius
100%
Necrozma
100%
Ness
100%
Palutena
100%
Paracoccinelly
100%
Pauline
100%
Pharamp
100%
Pigma Dengar
100%
Pikmin
100%
Poppy Kong
100%
Princesse Daisy
100%
Princesse Hilda
100%
Princesse Zelda
100%
Professeur K. Tastroff
100%
Psykokwak
100%
Pyra & Mythra
100%
Qulbutoké
100%
Ramoloss
100%
Rayquaza
100%
Riki
100%
Roi Dadidou
100%
Ronflex
100%
Roy
100%
Roy Koopa
100%
Serena
100%
Sidon
100%
Skull Kid
100%
Slippy Toad
100%
Stalfos
100%
Tatanga
100%
Tiki
100%
Topi Taupe
100%
Twinrova
100%
Wario
100%
Whomp
100%
Wiggler
100%
Yoshi
100%
Yunobo
100%
Zamazenta
100%
Harmonie
75%
Esprit
67%
Amiral
50%
Ashley
50%
Baba Mojo
50%
Darunia
50%
Flora
50%
Goron
50%
Kat & Ana
50%
Link Enfant
50%
Lugulabre
50%
Malvalame
50%
Mewtwo
50%
Moustillon
50%
Papy Champi
50%
Pit
50%
Princesse Libella
50%
Rachid
50%
Riju
50%
Sakdoss
50%
Tingle
50%
Tokorico
50%
Urbosa
50%
Vaati
50%
Virus
50%
Ho-Oh
33%
Monita
33%
9-Volt & 18-Volt
0%
Adeleine & Ribbon
0%
Alear
0%
Alph
0%
Anastase Macalamar
0%
Andross
0%
Anna
0%
Arceus
0%
Astralée
0%
Athlète Ring Fit
0%
Aurore
0%
Azura
0%
Babil
0%
Bald Bull
0%
Barbara the Bat
0%
Bébé Bowser
0%
Bébé Donkey Kong
0%
Bébé Harmonie
0%
Bébé Waluigi
0%
Beladonis
0%
Bill Balle
0%
Birdo
0%
Black Shadow
0%
Blood Falcon
0%
Bloups
0%
Blue
0%
Bob-Omb
0%
Bokoblin
0%
Boum Boum
0%
Bowser
0%
Bowser Skelet
0%
Brindibou
0%
Brittany
0%
Bulborde
0%
Butitine
0%
Byleth
0%
Calamazones
0%
Capitaine Charlie
0%
Capitaine Olimar
0%
Capitaine Syrup
0%
Cappy
0%
Captain Rainbow
0%
Carapuce
0%
Carchacrok
0%
Cartouche
0%
Cauchemar
0%
Charlie
0%
Cheep-Cheep
0%
Chef Kawasaki
0%
Chelours
0%
Chibi-Robo
0%
Chien Nintendogs
0%
Chozo
0%
Chrom
0%
Chuchu
0%
Chunky Kong
0%
Cizayox
0%
Clem
0%
Clip & Snip
0%
Collette
0%
Comte Niark
0%
Cornélia
0%
Corrin
0%
Corvaillus
0%
Cradopaud
0%
Cranky Kong
0%
Crapognon
0%
Cruxinistre
0%
Cynthia
0%
DaDiDou Noir
0%
Daraen
0%
Dark Méta Knight
0%
Darknut
0%
Darkrai
0%
Daruk
0%
Dé-Mainiaque
0%
Démon
0%
Desroches
0%
Dialga
0%
Diddy Kong
0%
Dillon
0%
Dimitri
0%
Dimoret
0%
Dixie Kong
0%
DJ Octave
0%
Doc Louis
0%
Donkey Kong
0%
Donkey Kong Jr.
0%
Dracaufeu
0%
Dr Crygor
0%
Dribble & Spitz
0%
Dr Kawashima
0%
Dr.Mario
0%
Dr.Stewart
0%
Dr.Wright
0%
Dumoria
0%
Dunban
0%
Duo Duck Hunt
0%
Ectochien
0%
Ectoplasma
0%
Edelgard
0%
Elfilin
0%
Entraîneuse Wii Fit
0%
Étoile d'or
0%
Évoli
0%
Eyte
0%
Facteur
0%
Falco Lombardi
0%
Fay
0%
Félinferno
0%
Floette
0%
Flora Piranha
0%
Forgelina
0%
Fox McCloud
0%
Francisca, Zan Pertuisane & Flamberge
0%
Frère Marto
0%
Galacta Knight
0%
Ganondorf
0%
Ganon spectral
0%
Gardevoir
0%
Gardien
0%
Gerudo
0%
Gibdo
0%
Giovanni
0%
Giratina
0%
Gladio
0%
Glass Joe
0%
Gooey
0%
Goomba
0%
Gracowitz
0%
Groudon
0%
Grumpy Kong
0%
Hades
0%
Helix
0%
Hépixor
0%
Hergo
0%
Ice Climbers
0%
Iggy Koopa
0%
Ike
0%
Impa
0%
Inkling
0%
Iris
0%
James
0%
James McCloud
0%
J.E.T.
0%
Jimmy T
0%
Journaliste & catcheur
0%
Kaepora Gaebora
0%
Kalypso
0%
Kamek
0%
Kammy Koopa
0%
Ken, Rick & Coo
0%
Kiddy Kong
0%
King Hippo
0%
King K.Rool
0%
Kip
0%
Kirby
0%
Klap Trap
0%
Knuckle Joe
0%
Koraidon
0%
Korogu
0%
Kracko
0%
Kraïd
0%
Krystal
0%
Kyogre
0%
Kyurem
0%
Lakitu
0%
Lanky Kong
0%
Larry Koopa
0%
Lavio
0%
Leaf
0%
Le lapin
0%
Lem
0%
Link Cartoon
0%
Linkle
0%
Link noir
0%
Little Mac
0%
Lou
0%
Louie
0%
Lubba
0%
Lucas
0%
Ludvina
0%
Lugia
0%
Lunala
0%
Lune
0%
Lyn
0%
Machaon
0%
Magikoopa
0%
Magolor
0%
Mainate
0%
Mallow
0%
Malon
0%
Marill
0%
Marine
0%
Mario
0%
Maskass
0%
Master Mummy
0%
Matthew Vandham
0%
Max
0%
Médolie
0%
Méga Bloups
0%
Méli & Mélo
0%
Métamorph
0%
Métroïde
0%
Mew
0%
Miaouss
0%
Midona
0%
Mii
0%
Mimiqui
0%
Ministre Antique
0%
Min Min
0%
Mister L
0%
Moblin
0%
Mona
0%
Morpho Knight
0%
Morton Koopa Jr.
0%
Motisma
0%
Mr. Game & Watch
0%
Mr.Saturn
0%
Nabooru
0%
Nico
0%
Nikki
0%
Ninjara
0%
Noah & Mio
0%
Nymphali
0%
Octaling
0%
Octorok
0%
Olivia
0%
Ondine
0%
Ossec
0%
Otchin
0%
Palkia
0%
Paltrak
0%
Peachette
0%
Peinturion
0%
Peppy Hare
0%
Piaf
0%
Pianta
0%
Pichu
0%
Pico
0%
Pierre
0%
Pierre Rochard
0%
Pikachu
0%
Pingouin
0%
Pit maléfique
0%
Plante Piranha
0%
Plessie
0%
Poochy
0%
Poplin
0%
Porky Minch
0%
Poum Poum
0%
Primide
0%
Prince de Sablé
0%
Prince Florian
0%
Princesse Peach
0%
Professeur Hector
0%
Prof. Samuel Chen
0%
Prof. Sébastien
0%
Pyoro
0%
Pyrobut
0%
Rambi le rhinocéros
0%
Rauru
0%
Red
0%
Reine des Abeilles
0%
Resetti
0%
Reshiram
0%
Revali
0%
Rex
0%
Rhinoféros
0%
Ribbon Girl
0%
Ridley
0%
R.O.B.
0%
ROB 64
0%
Roi Bob-Omb
0%
Roi Boo
0%
Roi Bulblax
0%
Roi d'Hyrule
0%
Roi Olly
0%
Rondoudou
0%
Rosemary
0%
Roussil
0%
Roy
0%
Ruto
0%
Samurai Goroh
0%
Samus Aran
0%
Samus Sombre
0%
Sheik
0%
Shiida
0%
Shulk
0%
Sire Frighorrifik
0%
Skelerex
0%
Soda Popinski
0%
Soeurs Doigts de Fée
0%
Solgaleo
0%
Sothis
0%
Spectroplasme
0%
Spike
0%
Spike
0%
Spring Man
0%
Squawks le perroquet
0%
Stanley
0%
Starfy
0%
Starman
0%
Starman
0%
Suicune
0%
Sumbra
0%
Super Macho Man
0%
Susie
0%
Swooper
0%
Sylux
0%
Tabbou
0%
Takamaru
0%
Talon
0%
Tarak
0%
Taranza
0%
Tenta-Cool
0%
Terry
0%
Tetra
0%
Thibou
0%
Thwomp
0%
Tiny Kong
0%
Tiplouf
0%
Tippi
0%
Toad
0%
Toadette
0%
Togepi
0%
Tom Nook
0%
Tribu Tiki Tak
0%
Tridenfer
0%
Twintelle
0%
Ukiki
0%
Vache
0%
Vendeur de Masques
0%
Vénérable Arbre Mojo
0%
Villageois
0%
Viridi
0%
Viviane
0%
Vlad
0%
Void Kong
0%
Waddle Doo
0%
Waluigi
0%
Wendy O. Koopa
0%
Whispy Woods
0%
Wolf O'Donnell
0%
Wrinkly Kong
0%
Xanto
0%
Xerneas
0%
Xhampi
0%
Young Cricket
0%
Yuga
0%
Yveltal
0%
Zacian
0%
Zarbipas
0%
Zébien
0%
Zekrom
0%
Zelda Cartoon
0%
Zéro
0%
Zora
0%
Zoroark
0%
Zygarde
0%
Aucun quiz correspondant
Distribution des résultats
% des personnes avec chaque résultat
Percentile par nombre de réponses
Votre historique - résultats
Vous n’avez pas pris ce quiz depuis la dernière actualisation